• 首页
  • 本馆介绍
  • 公告通知
  • 最新文献
  • 馆藏检索
  • 电子资源
  • 读者导购
  • 参考咨询
  • 我的图书馆
  • 登录
  • 详细信息显示
  • 放入我的书架
  • 预约/预借图书
  • 作者相关作品
  • 分类相关作品
  • 丛书相关作品
  • 出版社相关作品

书目信息

  • 表格格式
  • 工作单格式
  • 卡片格式
题名:
产品加施CE标志指南
    
 
作者: ;中国机械工业标准化技术协会 编
分册:  
出版信息: 北京   中国标准出版社  2004.09
页数: 349页
开本: 26cm
丛书名:
单 册:
中图分类: TB497-62
科图分类:
主题词: 工厂 , 车间
电子资源:
ISBN: 7-5066-3380-9
000 00749nam0 2200217 450
001 0732534046
005 20071214090247.18
010    @a7-5066-3380-9@dCNY45.00
100    @a20071214d2004 km y0chiy0120 ea
101 0  @achi
102    @aCN@b110000
200 1  @a产品加施CE标志指南@Achan pin jia shi CE biao zhi zhi nan@f中国机械工业标准化技术协会编@Fzhong guo ji xie gong ye biao zhun hua ji shu xie hui bian
210    @a北京@c中国标准出版社@d2004.09
215    @a349页@d26cm
606 0  @a工厂
606 0  @a车间
690    @aTB497-62@v4
711 02 @a中国机械工业标准化技术协会@Azhong guo ji xie gong ye biao zhun hua ji shu xie hui@4编
801  0 @aCN@b大连网信软件有限公司图书馆@c20071214
905    @aBZT@dTB497-62@e1
906    @dCNY45.00@n0@r1
    
    产品加施CE标志指南/中国机械工业标准化技术协会编.-北京:中国标准出版社,2004.09
    349页;26cm
    
    
    ISBN 7-5066-3380-9:CNY45.00
    
●
相关链接 在五车中查询图书 在当当中查询图书 在豆瓣中查询图书


正题名:产品加施CE标志指南     索取号:TB497-62/1         预约/预借

序号 登录号 条形码 馆藏地/架位号 状态 备注
1 627620   2000627620   中心书库中库/ 中库030架B面3列6层28/ [索取号:TB497-62/1] 在馆    
2 627621   2000627621   中心书库中库/ 中库030架B面3列6层27/ [索取号:TB497-62/1] 在馆    
3 627622   2000627622   中心书库中库/ 中库030架B面3列6层26/ [索取号:TB497-62/1] 在馆    
4 627623   2000627623   中心书库中库/ 中库030架B面3列6层29/ [索取号:TB497-62/1] 在馆    
5 627624   2000627624   中心书库中库/ 中库030架B面3列6层30/ [索取号:TB497-62/1] 在馆    
山东省滨州职业学院图书馆 欢迎您!
大连网信软件有限公司© 版权所有